Score 0/45 Timer 06:00
0 Plays Today
Challenge Car % Correct
Corsche ChallengePorsche 944
67.6%
Seeking petrolhead heaven in three 1500 pound rear-wheel drive coupesPorsche 944
67.6%
Cheap Porsche ChallengePorsche 928
66.2%
Cheap Porsche ChallengePorsche 924
56.3%
White van man challengeFord Transit
54.1%
Bolivia TripLand Rover Range Rover
54.1%
American Road TripChevrolet Camaro
51.4%
British Leyland did make some good cars after all challengeAustin Princess
51.4%
Can you buy an Alfa Romeo for 1000 pounds or less without it completely ruining your life all the time challengeAlfa Romeo Spider
45.5%
Finding the perfect car for 17-year-oldsVolkswagen Golf
45.5%
Make a police car for a lot less money than the real police spend on their cars challengeSuzuki Vitara
43.7%
Cheap coupés that aren't Porsches challengeMitsubishi Starion
42.8%
Two-wheel drive African cross-country car challengeLancia Beta
42.3%
Two-wheel drive African cross-country car challengeOpel Kadett
41.9%
Make a police car for a lot less money than the real police spend on their cars challengeFiat Coupe
41.9%
American Road TripDodge Ram
40.5%
100 Pound Car ChallengeAudi 80
38.3%
Cheap coupés that aren't Porsches challengeJaguar XJS
35.1%
Italian mid-engined supercars for less than a second-hand Mondeo challengeMaserati Merak
32.4%
Bolivia TripToyota Land Cruiser
31.5%
Can you buy an Alfa Romeo for 1000 pounds or less without it completely ruining your life all the time challengeAlfa Romeo GTV
31.1%
Finding the perfect car for 17-year-oldsHyundai Scoupe
30.2%
Can you buy an Alfa Romeo for 1000 pounds or less without it completely ruining your life all the time challengeAlfa Romeo 75
29.7%
Challenge Car % Correct
How much lorry do you get for 5000 pounds challengeRenault
28.4%
Seeking petrolhead heaven in three 1500 pound rear-wheel drive coupesFord Capri
27.9%
Italian mid-engined supercars for less than a second-hand Mondeo challengeLamborghini Urraco
27.5%
Make a police car for a lot less money than the real police spend on their cars challengeLexus LS400
24.3%
How much lorry do you get for 5000 pounds challengeScania
24.3%
White van man challengeSuzuki Super Carry
23.9%
British Leyland did make some good cars after all challengeDolomite Sprint
23.9%
100 Pound Car ChallengeVolvo 760
23%
Seeking petrolhead heaven in three 1500 pound rear-wheel drive coupesNissan 300ZX
22.5%
British Leyland did make some good cars after all challengeRover SD1
22.1%
How much lorry do you get for 5000 pounds challengeERF
21.6%
100 Pound Car ChallengeRover 416
20.7%
American Road TripCadillac Brougham
20.7%
Finding the perfect car for 17-year-oldsVolvo 940
17.1%
Two-wheel drive African cross-country car challengeMercedes-Benz 230E
14%
Cheap coupés that aren't Porsches challengeBMW 635 CSi
13.1%
Italian mid-engined supercars for less than a second-hand Mondeo challengeFerrari 308 GT4
12.2%
White van man challengeLDV Convoy
10.4%
Buying a pre-1982 car for less than 3,000 poundsAustin-Healey Sprite
8.6%
Buying a pre-1982 car for less than 3,000 poundsCitroen Ami
8.6%
Buying a pre-1982 car for less than 3,000 poundsLanchester
7.2%
Bolivia TripSuzuki Jimny
7.2%
Remove Ads.
Support Sporcle.
Get the best of Sporcle when you Go Orange. This ad-free experience offers more features, more stats, and more fun while also helping to support Sporcle. Thank you for becoming a member.

You're not logged in!

Compare scores with friends on all Sporcle quizzes.
OR
Log In

Sporcle TV

Today on Sporcle TV


Watch our educational content, quiz creation guides, and fun videos on Sporcle TV.

Show Comments

Extras

Top Quizzes Today


Score Distribution

Paid Content

Your Account Isn't Verified!

In order to create a playlist on Sporcle, you need to verify the email address you used during registration. Go to your Sporcle Settings to finish the process.

Report this User

Report this user for behavior that violates our Community Guidelines.

Details: